000
00319nam a22001337a 4500
008
180918b xxu||||| |||| 00| 0 eng d
020
_a
0801615569
041
_a
eng
080
_a
610
100
_a
5
101
_a
ANE
245
_a
Anesthesia Equipment Principles And Applications
_c
Ehrenweth,J
942
_2
udc
_c
BK
999
_c
47956
_d
47956